00478nam a2200193 a 4500001001300000003000900013005001700022008004100039020001000080082001400090100002200104245002000126260004700146300000800193500003500201505001000236650001600246700002200262nice12345678IN_TiNIC20260116011319.0050524s1913 mada grp 000 0 eng  ac10000a239bGOL3 aGoldsack, William aChrist in Islam aMadrasbChristian Literature Societyc1913 a47p aincludes index and biblioraphy2 aindex aApologetics1 aGoldsack, William